00410nam a22001577a 450000500170000000800410001702000260005804000090008404100120009308200150010510000370012024500310015726000330018830000080022165000230022920260423153630.0260423b |||||||| |||| 00| 0 eng d a9788123900124c525.00 aMAIN aEnglish a555.5bKRI a Krishnan, Maharajapuram Sitaram aGeology of India and Burma aDelhi bCBS Publishersc2020 a536 aGeology (PM USHA)